Vereine, in denen Maradona spielte - Statistiken

Allgemein
  • Dieses Quiz wurde 99 mal gespielt
  • Das Durchschnittsergebnis liegt bei 3 aus 6
Antwortstatistiken
(Erster) Antritt Verein % Korrekt
1984/85 SSC Neapel
93%
1982/83 FC Barcelona
91%
1980/81 Boca Juniors
77%
1992/93 FC Sevilla
29%
1993/94 CA Newell's Old Boys
23%
1976/77 Argentinos Juniors
10%
Keine übereinstimmenden Quizze gefunden
Verteilung der Resultate
Anzahl Personen mit jedem Resultat
Perzentil nach korrekt beantworteten Fragen
Ihre Resultats-Entwicklung
Sie haben dieses Quiz noch nicht gespielt